Frank Ocean Charting Songs (Billboard Hot 100) - Statistics

General Stats
  • This quiz has been taken 160 times
  • The average score is 8 of 14
Answer Stats
Album Weeks On Peak Artist(s) Song % Correct
BLONDE 1 Week #80 Frank Ocean Ivy
78%
Funk Wav Bounces Vol. 1 20 Weeks #25 Calvin Harris ft. Frank Ocean & Migos Slide
75%
BLONDE 1 Week #98 Frank Ocean Nights
67%
BLONDE 1 Week #84 Frank Ocean Pink + White
67%
BLONDE 1 Week #79 Frank Ocean Nikes
65%
Non-Album Single 1 Week #72 Frank Ocean Chanel
61%
Nostalgia, Ultra 4 Weeks #82 Frank Ocean Novacane
60%
Watch The Throne 5 Weeks #72 Jay-Z & Kanye West ft. Frank Ocean No Church in the Wild
59%
Channel Orange 28 Weeks #32 Frank Ocean Thinkin Bout You
57%
BLONDE 1 Week #96 Frank Ocean Solo
53%
Non-Album Single 1 Week #85 Frank Ocean In My Room
47%
Non-Album Single 1 Week #98 Frank Ocean DHL
40%
Magna Carta... Holy Grail 1 Week #83 Jay-Z ft. Frank Ocean Oceans
28%
4:44 1 Week #63 Jay-Z ft. Frank Ocean Caught Their Eyes
27%
No matching quizzes found
Score Distribution
Percent of People with Each Score
Percentile by Number Answered
Your Score History
You have not taken this quiz